<?xml version="1.0" encoding="UTF-8"?>
<record
    xmlns:xsi="http://www.w3.org/2001/XMLSchema-instance"
    xsi:schemaLocation="http://www.loc.gov/MARC21/slim http://www.loc.gov/standards/marcxml/schema/MARC21slim.xsd"
    xmlns="http://www.loc.gov/MARC21/slim">

  <leader>00880nam a2200265Ia 4500</leader>
  <controlfield tag="001">Z_1372</controlfield>
  <controlfield tag="003">CHAP</controlfield>
  <controlfield tag="008">220113s197?    xx            000 0 und d</controlfield>
  <datafield tag="010" ind1=" " ind2=" ">
    <subfield code="a">164461</subfield>
  </datafield>
  <datafield tag="040" ind1=" " ind2=" ">
    <subfield code="c">CHAP</subfield>
  </datafield>
  <datafield tag="090" ind1=" " ind2=" ">
    <subfield code="a">Tesis L 251</subfield>
  </datafield>
  <datafield tag="100" ind1=" " ind2=" ">
    <subfield code="a">Laguna Legorreta, Guillermo Guadalupe</subfield>
    <subfield code="9">64446</subfield>
  </datafield>
  <datafield tag="245" ind1=" " ind2=" ">
    <subfield code="a">Valoraci&#xF3;n del 4-tert-butil-2 clorofenil dimetil fosforoamidato [Ruelene] en aplicaci&#xF3;n dorsal como antihelm&#xED;tico en becerros  /</subfield>
    <subfield code="c">por Guillermo Guadalupe Laguna Legorreta</subfield>
  </datafield>
  <datafield tag="260" ind1=" " ind2=" ">
    <subfield code="a">Guadalajara, Jal.  :</subfield>
    <subfield code="b">El autor,</subfield>
    <subfield code="c">197?</subfield>
  </datafield>
  <datafield tag="300" ind1=" " ind2=" ">
    <subfield code="a">57 h.</subfield>
  </datafield>
  <datafield tag="502" ind1=" " ind2=" ">
    <subfield code="a">Tesis (M&#xE9;dico Veterinario Zootecnista) -- Universidad de Guadalajara. Escuela de Medicina Veterinaria y Zootecnia</subfield>
  </datafield>
  <datafield tag="650" ind1=" " ind2=" ">
    <subfield code="a">Antihelmiticos</subfield>
    <subfield code="9">138581</subfield>
  </datafield>
  <datafield tag="650" ind1=" " ind2=" ">
    <subfield code="a">Becerros</subfield>
    <subfield code="x">Par&#xE1;sitos </subfield>
    <subfield code="9">11185</subfield>
  </datafield>
  <datafield tag="901" ind1=" " ind2=" ">
    <subfield code="a">TESIS L 251</subfield>
  </datafield>
  <datafield tag="902" ind1=" " ind2=" ">
    <subfield code="a">M</subfield>
  </datafield>
  <datafield tag="910" ind1=" " ind2=" ">
    <subfield code="a">197?</subfield>
  </datafield>
  <datafield tag="942" ind1=" " ind2=" ">
    <subfield code="c">2</subfield>
  </datafield>
  <datafield tag="942" ind1=" " ind2=" ">
    <subfield code="c">2</subfield>
  </datafield>
  <datafield tag="999" ind1=" " ind2=" ">
    <subfield code="c">164461</subfield>
    <subfield code="d">164461</subfield>
  </datafield>
  <datafield tag="952" ind1=" " ind2=" ">
    <subfield code="0">0</subfield>
    <subfield code="1">0</subfield>
    <subfield code="2">local</subfield>
    <subfield code="4">0</subfield>
    <subfield code="5">1</subfield>
    <subfield code="7">0</subfield>
    <subfield code="8">TESIS</subfield>
    <subfield code="a">Z</subfield>
    <subfield code="b">Z</subfield>
    <subfield code="d">2005-11-09</subfield>
    <subfield code="e">El autor</subfield>
    <subfield code="l">0</subfield>
    <subfield code="o">Tesis L34 251 197?</subfield>
    <subfield code="p">5101000380</subfield>
    <subfield code="r">2022-01-18 00:00:00</subfield>
    <subfield code="t">Ej.1</subfield>
    <subfield code="w">2022-01-18</subfield>
    <subfield code="y">TESIS</subfield>
  </datafield>
</record>
